| 000 | 00773nam a2200205Ia 4500 | ||
|---|---|---|---|
| 003 | GCL | ||
| 008 | 140319s9999 xx 000 0 ara d | ||
| 040 |
_aGCL / _cGCL |
||
| 082 | 0 | 4 |
_aق _b962.064 _bع ر |
| 100 | 1 | _aعبدالسلام عبدالحليم عامر | |
| 245 | 1 | 0 |
_aالرأسمالية الصناعية فى مصر من التمصير الى التاميم 1957 - 1961 / _cعبدالسلام عبدالحليم عامر |
| 260 |
_a[S.N] : _bالهيئة المصرية العامة للكتاب ، _c1993 |
||
| 300 | _a323 | ||
| 490 |
_aتاريخ المصريين _v0 |
||
| 650 | 0 | 4 | _aالقوانين |
| 650 | 0 | 4 | _aالنشاط الصناعى |
| 650 | 0 | 4 | _aمجالات الاستثمار |
| 650 | 0 | 4 | _aالوضع الاقتصادى |
| 942 |
_2ddc _cBK |
||
| 999 |
_c36767 _d36767 |
||